000
00339nam a22001577a 4500
020
_a
978-93-81735-49-1
082
_a
650
_b
SAR
100
_a
SARASWATI, A.K
245
_a
HOTEL FRONT OFFICE
250
_a
1ST
260
_a
DELHI
_b
NAMAN
_c
2013
300
_a
360
650
_a
OFFICE MANAGEMENT
653
_a
OFFICE
942
_2
ddc
_c
BK
_0
20
999
_c
8061
_d
8061